Normale Ansicht MARC-Ansicht ISBD

Militär und Religiosität in der frühen Neuzeit / (Titelsatznr. 15208)

[ MARC ]
MARC-Details
000 -Satzkennung
Kontrollfeld mit fester Länge 00702nam a22002411c 4500
001 - Kontrollnummer
Kontrollfeld ht014053748
008 - Feld mit fester Länge zur physischen Beschreibung - Allgemeine Angaben
Kontrollfeld mit fester Länge 080508s2004 gw a||| 000u ger d
020 ## - Internationale Standardbuchnummer
Internationale Standardbuchnummer 3825860302
Verknüpfung 3-8258-6030-2
041 ## - Sprachcode
Sprachcode des Textes/der Tonspur oder des separaten Titels ger
040 ## - Katalogisierungsquelle
Übertragungsstelle RU-10907106
003 - Kontrollnummer Identifier
Kontrollfeld RU-10907106
245 00 - Titel
Titel Militär und Religiosität in der frühen Neuzeit /
Verfasserangabe etc. Michael Kaiser ... (Hg.)
264 ## - Produktion, Veröffentlichung, Distribution, Herstellung und Urheberrechtsvermerk
Herstellungs-, Veröffentlichungs- Vertriebs-, Erzeugungsort Münster :
Produzent, Herausgeber, Distributor, Hersteller Lit,
Datum der Herstellung, der Veröffentlichung, des Vertriebs oder des Urheberschutzvermerks 2004
300 ## - Physische Beschreibung
Umfang 351 S. : Ill
490 #0 - Gesamttitelangabe
Gesamttitelangabe Herrschaft und soziale Systeme in der frühen Neuzeit
Bandnummer/Folgebezeichnung 4
650 #0 - Nebeneintragung unter einem Schlagwort - Sachschlagwort
Sachschlagwort oder geografischer Name als Eintragungselement Konfession
650 #0 - Nebeneintragung unter einem Schlagwort - Sachschlagwort
Sachschlagwort oder geografischer Name als Eintragungselement Reformation
650 #0 - Nebeneintragung unter einem Schlagwort - Sachschlagwort
Sachschlagwort oder geografischer Name als Eintragungselement Religion
650 #0 - Nebeneintragung unter einem Schlagwort - Sachschlagwort
Sachschlagwort oder geografischer Name als Eintragungselement Katholische Kirche
655 #0 - Indexierungsterm - Genre/Form
Genre/Form oder fokussierter Term Aufsatzsammlung
700 1# - Nebeneintragung - Personenname
Personenname Kaiser, Michael [Hrsg.]
Funktionsbezeichnung HerausgeberIn
942 ## - Zusätzliche Felder (Koha)
Koha-Medientyp Monographien
Exemplare
Ausgeschieden Verloren Klassifikation oder Aufstellungssystematik Beschädigt Nicht entleihbar Heimatbibliothek Aufenthaltsbibliothek Aufstellungsort Erwerbungsdatum Inventarnummer Signatur Barcode Letzte Aktivität Preis gültig von Koha-Medientyp
    Andere/Generische Klassifikation     MWN Osteuropa MWN Osteuropa Lesesaal - 1 08/05/2008 08-02488 D 30 rd Kai E00401509E33DFF8 22/02/2021 22/03/2021 Monographien